|
|
|
|
| LEADER |
00885nam#a2200277#a#4500 |
| 001 |
001277 |
| 005 |
20160721141939.0 |
| 008 |
950714s1986####ag##################spa#d |
| 020 |
|
|
|a 9502514300
|
| 040 |
|
|
|a AR-BeUNQ
|
| 099 |
|
|
|a 02-B7
|
| 100 |
1 |
|
|a Unamuno, Miguel
|
| 245 |
0 |
3 |
|a La reforma constitucional en el siglo XX
|c Miguel Unamuno, Rubén Bortnik.
|
| 260 |
|
|
|a Buenos Aires :
|b Centro Editor de América Latina,
|c 1986
|
| 300 |
|
|
|a 103 p
|
| 648 |
|
4 |
|a 1900-2000
|
| 650 |
|
7 |
|a REFORMAS POLITICAS
|2 spines
|
| 650 |
|
7 |
|a SISTEMAS POLITICOS
|2 spines
|
| 650 |
|
7 |
|a SOCIOLOGIA DEL DERECHO
|2 spines
|
| 650 |
|
7 |
|a HISTORIA CONTEMPORANEA
|2 spines
|
| 650 |
|
7 |
|a DERECHO CONSTITUCIONAL
|2 spines
|
| 651 |
|
7 |
|a ARGENTINA
|2 Spines
|
| 700 |
1 |
|
|a Bortnik, Rubén
|
| 929 |
|
|
|a COMPRA
|b Centro Editor de América Latina
|c Exp. 827-0465/95
|d 3,33
|e 19950714
|j 11699
|
| 942 |
|
|
|c LIB
|n 0
|
| 999 |
|
|
|c 4078
|d 79465
|